000 00395 a2200157 4500
001 17185
020 _a9788506067543
040 _cAnchieta - Bela Vista
100 _aSousa, Maurício de
240 1 0 _aTurma da Mônica em um mundo de maravilhas
_lpor
245 1 0 _aTurma da Mônica em um mundo de maravilhas
300 _a47
362 0 _a2011
650 4 _aLiteratura infantil
942 _cBK
999 _c17185
_d17185